000 01645cam a2200433 i 4500
001 data
005 20260322212114.0
008 data
035 _a17770302
906 _a7
_bcbc
_ccopycat
_d2
_encip
_f20
_gy-gencatlg
925 0 _aacquire
_b1 shelf copies
_xpolicy default
010 _a 2013942448
015 _aGBB381739
_2bnb
016 7 _a016494047
_2Uk
020 _a9780199670543
_qpbk.
020 _a0199670544
_qpbk.
035 _a(OCoLC)858310086
040 _aUKMGB
_beng
_cUKMGB
_dDLC
_erda
_dS8J
_dCHVBK
_dRST
_dDLC
042 _alccopycat
050 0 0 _aHB615
_b.W472 2013
082 0 4 _a338.04
_223
100 1 _aWesthead, Paul,
_d1962-,
_eauthor.
245 1 0 _aEntrepreneurship :
_ba very short introduction /
_cPaul Westhead and Mike Wright.
250 _aFirst Edition
264 1 _aOxford :
_bOxford University Press,
_c2013.
300 _axviii, 154 pages :
_billustrations ;
_c18 cm.
336 _atext
_btxt
_2rdacontent
337 _aunmediated
_bn
_2rdamedia
338 _avolume
_bnc
_2rdacarrier
490 1 _aVery short introductions ;
_v372
504 _aIncludes bibliographical references (pages 137-148) and index.
505 0 _aThe importance of entrepreneurship -- Discovering and creating opportunities -- Exploiting opportunities -- Entrepreneurs' context -- Entrepreneurial thinking and learning -- Forms of entrepreneurial venture -- The future.
650 0 _aEntrepreneurship.
650 7 _aEntrepreneurship.
_2gnd
700 1 _aWright, Mike,
_d1952-,
_eauthor.
830 0 _aVery short introductions ;
_v372.
999 _c1713
_d1713